| 000 | 00365nam a2200133Ia 4500 | ||
|---|---|---|---|
| 008 | 180430s9999 xx 000 0 und d | ||
| 020 | _a9780425228289 | ||
| 100 | _aCornwell, Patricia | ||
| 245 | 4 | _aThe front / | |
| 260 |
_aUSA: _bBerkley books _c2008 |
||
| 300 | _a304 pages | ||
| 650 | _aMassachusetts -- Fiction. | ||
| 650 | _aPolice -- Massachusetts -- Fiction. | ||
| 999 |
_c356382 _d356382 |
||